000 00428nam a2200181Ia 4500
001 23823
005 20260414151003.0
008 260414t2019||||xx |||||||||||||| ||spa||
041 _aESP
082 _a711.40973
_bJ13
100 _aJacobs, Jane,
_eAUT
245 0 _aJane Jacobs. Cuatro entrevistas
_b
260 _c2019
300 _a143 páginas :
_c18 cm.
650 _aABD
654 _aCAU
942 _cLIB
_dJUS
_fJUS
_2ddc
_n
999 _c23823
_d23823